[Event "Bayern-chTT (LL Nord)"]
[Site "Bayern 2008/09"]
[Date "2008.11.30"]
[Round "3.1"]
[White "Kraft, Volker(62)"]
[Black "Loos, Roland"]
[Result "1-0"]
[WhiteElo "2395"]
[BlackElo "2276"]
[PlyCount "69"]
[EventDate "2009.03.??"]
[EventType "team-tourn"]
[EventRounds "9"]
[WhiteTeam "Zirndorf 1"]
[BlackTeam "Neutraubling 1"]

1. e4 c6 2. d4 d5 3. e5 Bf5 4. Nc3 e6 5. g4 Bg6 6. Nge2 c5 7. h4 cxd4 8. Nxd4
h5 9. Bb5+ Nd7 10. f4 hxg4 11. f5 Rxh4 12. Rf1 Bxf5 13. Nxf5 Rh5 14. Be3 a6 15.
Bxd7+ Qxd7 16. Ng3 Rxe5 17. Qd4 Rxe3+ 18. Qxe3 d4 19. Qd3 dxc3 20. Qxd7+ Kxd7
21. Rxf7+ Kc6 22. O-O-O cxb2+ 23. Kxb2 Nf6 24. Ne2 e5 25. Nc3 Re8 26. Re1 e4
27. Ne2 e3 28. c3 b5 29. Kc2 Rd8 30. Nd4+ Kb6 31. Rxe3 b4 32. Re6+ Kc5 33.
Rexf6 gxf6 34. Ne6+ Kd5 35. Nxd8 1-0

[Event "Bayern-chTT (LL Nord)"]
[Site "Bayern 2008/09"]
[Date "2008.11.30"]
[Round "3.2"]
[White "Hitzler, Philipp"]
[Black "Reis, Gerhard"]
[Result "1-0"]
[WhiteElo "2220"]
[BlackElo "2149"]
[PlyCount "68"]
[EventDate "2009.03.??"]
[EventType "team-tourn"]
[EventRounds "9"]
[WhiteTeam "Neutraubling 1"]
[BlackTeam "Zirndorf 1"]

1. Nf3 Nf6 2. c4 g6 3. Nc3 Bg7 4. e4 d6 5. d4 O-O 6. Be2 e5 7. O-O exd4 8. Nxd4
Re8 9. Bf3 Nbd7 10. Re1 c6 11. Bf4 Ne5 12. Be2 a5 13. Qc2 a4 14. Rad1 Qa5 15.
Nf3 Be6 16. Rxd6 Nxf3+ 17. gxf3 Nh5 18. Bc1 Be5 19. Rdd1 Bc7 20. Kg2 Nf4+ 21.
Bxf4 Bxf4 22. h4 Be5 23. a3 b5 24. cxb5 Bb3 25. Qc1 Bxd1 26. Rxd1 Bxc3 27. bxc3
cxb5 28. Rd5 Rec8 29. c4 Qb6 30. c5 Qf6 31. Bxb5 Ra5 32. Qc4 Qxh4 33. c6 Qf6
34. Bxa4 Rc7 1-0

[Event "Bayern-chTT (LL Nord)"]
[Site "Bayern 2008/09"]
[Date "2008.11.30"]
[Round "3.3"]
[White "Seibold, Hubert Dr"]
[Black "Werner, Claus"]
[Result "1/2-1/2"]
[WhiteElo "2148"]
[BlackElo "2197"]
[PlyCount "67"]
[EventDate "2009.03.??"]
[EventType "team-tourn"]
[EventRounds "9"]
[WhiteTeam "Zirndorf 1"]
[BlackTeam "Neutraubling 1"]

1. e4 c5 2. Nf3 d6 3. d4 cxd4 4. Nxd4 Nf6 5. Nc3 Nc6 6. Bg5 e6 7. Qd2 Be7 8.
O-O-O O-O 9. Bc4 Nxd4 10. Qxd4 Qa5 11. Bd2 Qe5 12. Qd3 a6 13. f4 Qc5 14. Be3
Qc7 15. Bb3 b5 16. Bd4 Bb7 17. a3 Rfd8 18. f5 e5 19. Be3 Rac8 20. Kb1 Qa5 21.
Nd5 Bxd5 22. Bxd5 Nxd5 23. Qxd5 Qa4 24. Rd2 b4 25. axb4 Qxb4 26. Rd3 Rb8 27.
Rb3 Qa4 28. Rc1 Rb5 29. Rxb5 axb5 30. Qb7 Bf8 31. b3 Qa3 32. Qa7 Qb4 33. Qb7
Qa3 34. Qa7 1/2-1/2

[Event "Bayern-chTT (LL Nord)"]
[Site "Bayern 2008/09"]
[Date "2008.11.30"]
[Round "3.4"]
[White "Wutz, Christoph"]
[Black "Mueller, Marcus(72)"]
[Result "1-0"]
[WhiteElo "2145"]
[BlackElo "2112"]
[PlyCount "101"]
[EventDate "2009.03.??"]
[EventType "team-tourn"]
[EventRounds "9"]
[WhiteTeam "Neutraubling 1"]
[BlackTeam "Zirndorf 1"]

1. e4 c5 2. Nf3 Nc6 3. Bb5 Nf6 4. e5 Nd5 5. O-O g6 6. Re1 Bg7 7. c3 O-O 8. d4
cxd4 9. cxd4 Nc7 10. Ba4 d5 11. h3 b5 12. Bb3 Bf5 13. Nc3 a5 14. a3 Qd7 15. Be3
a4 16. Ba2 Rfd8 17. g4 Be6 18. Ng5 Na5 19. Nxe6 Qxe6 20. Ne4 Qb6 21. Nc5 Nc4
22. Qc2 Ne6 23. Nxe6 Qxe6 24. Bg5 Rac8 25. Qe2 Rd7 26. Rad1 Rdc7 27. Bb1 Qb6
28. e6 f6 29. Bf4 Rc6 30. h4 Ra8 31. h5 Ra6 32. hxg6 Rxe6 33. gxh7+ Kh8 34. Qd3
Rxe1+ 35. Rxe1 e6 36. Re2 Qd8 37. Qg6 Qf8 38. Bd3 Rb6 39. Bf5 e5 40. Qh5 b4 41.
axb4 Rxb4 42. Bc1 Nd6 43. dxe5 fxe5 44. Rc2 Rd4 45. Rc7 Rc4 46. Rxc4 Nxc4 47.
Be6 Nb6 48. Bg5 e4 49. Qg6 d4 50. Bh6 Qf6 51. Bxg7+ 1-0

[Event "Bayern-chTT (LL Nord)"]
[Site "Bayern 2008/09"]
[Date "2008.11.30"]
[Round "3.5"]
[White "Heimrath, Wolfgang"]
[Black "Gegenfurtner, Juergen"]
[Result "1-0"]
[WhiteElo "2088"]
[BlackElo "2089"]
[PlyCount "101"]
[EventDate "2009.03.??"]
[EventType "team-tourn"]
[EventRounds "9"]
[WhiteTeam "Zirndorf 1"]
[BlackTeam "Neutraubling 1"]

1. e4 e6 2. c4 c5 3. Nf3 d6 4. d4 cxd4 5. Nxd4 Nf6 6. Nc3 a6 7. Be2 Be7 8. Be3
Qc7 9. O-O O-O 10. Rc1 b6 11. Qd2 Bb7 12. f3 Nbd7 13. Rfd1 Rac8 14. Bf1 Qb8 15.
Qf2 Rfe8 16. Nc2 Bd8 17. Kh1 Kh8 18. Rd2 Rg8 19. Rcd1 Bc7 20. Qh4 Bd8 21. Qh3
Be7 22. Bd4 Ne5 23. b3 g5 24. Qg3 Rg6 25. Qf2 d5 26. exd5 exd5 27. Nxd5 Nxd5
28. cxd5 Kg8 29. Ne3 Bb4 30. Re2 Nd7 31. Rc2 Rxc2 32. Qxc2 Qf4 33. Qe4 Bd6 34.
g3 Qxe4 35. fxe4 b5 36. Nf5 Bb8 37. Ne7+ Kf8 38. Nxg6+ hxg6 39. Bh3 Ke7 40.
Bxd7 Kxd7 41. Bf6 g4 42. Kg1 a5 43. Kf2 Bd6 44. Ke3 b4 45. Bd4 Bc7 46. Bc5 Ba6
47. Rd2 Bd8 48. Rf2 Bg5+ 49. Kd4 f6 50. Bb6 Bc1 51. Bxa5 1-0

[Event "Bayern-chTT (LL Nord)"]
[Site "Bayern 2008/09"]
[Date "2008.11.30"]
[Round "3.6"]
[White "Dietrich, Reinhard(70)"]
[Black "Zuehlke, Burkhard Dr"]
[Result "0-1"]
[WhiteElo "2049"]
[BlackElo "2029"]
[PlyCount "94"]
[EventDate "2009.03.??"]
[EventType "team-tourn"]
[EventRounds "9"]
[WhiteTeam "Neutraubling 1"]
[BlackTeam "Zirndorf 1"]

1. Nc3 g6 2. e4 Bg7 3. d4 d6 4. Bg5 Nd7 5. f4 c5 6. d5 Qa5 7. Qd2 Rb8 8. Nf3 b5
9. Be2 Ngf6 10. e5 b4 11. Nb5 dxe5 12. fxe5 Ne4 13. Qe3 Nxg5 14. Nd6+ exd6 15.
exd6+ Ne6 16. dxe6 O-O 17. exd7 Bxd7 18. O-O Rbe8 19. Qf2 Bxb2 20. Rad1 Be6 21.
Kh1 h6 22. Nd2 Bd4 23. Qh4 Kg7 24. Nc4 f5 25. Nd2 Bxa2 26. Bd3 Qd8 27. Qh3 Re3
28. Rf3 Rfe8 29. Qg3 Be5 30. Qh3 Rxf3 31. Nxf3 Qxd6 32. Nh4 Be6 33. Qf3 Qd5 34.
Qe2 Rd8 35. Nf3 Bf6 36. Qf1 Bf7 37. h4 h5 38. Ng5 Bxg5 39. hxg5 Qe6 40. Re1 Qd6
41. Bb5 Bd5 42. Ra1 Qc7 43. Qc1 Rf8 44. Ra6 Rf7 45. Qa1+ Kh7 46. Be8 Qg3 47.
Qf1 Qh3+ 0-1

[Event "Bayern-chTT (LL Nord)"]
[Site "Bayern 2008/09"]
[Date "2008.11.30"]
[Round "3.7"]
[White "Wiemer, Peter"]
[Black "Wltschek, Christian"]
[Result "1-0"]
[WhiteElo "2089"]
[BlackElo "1882"]
[PlyCount "57"]
[EventDate "2009.03.??"]
[EventType "team-tourn"]
[EventRounds "9"]
[WhiteTeam "Zirndorf 1"]
[BlackTeam "Neutraubling 1"]

1. e4 c5 2. c3 d5 3. exd5 Qxd5 4. d4 Nc6 5. Nf3 cxd4 6. cxd4 e5 7. Nc3 Bb4 8.
Bd2 Bxc3 9. Bxc3 e4 10. Ne5 Nxe5 11. dxe5 Ne7 12. Qa4+ Bd7 13. Qb4 a5 14. Qb6
Bc6 15. Rd1 Qxa2 16. Qc5 b6 17. Qxb6 O-O 18. Qc5 Rfe8 19. Bc4 Qa4 20. b3 Qa2
21. O-O e3 22. Qxe3 Qc2 23. Rd3 Ng6 24. Rc1 Qa2 25. Qc5 Rec8 26. Rd2 Qxd2 27.
Bxd2 Bxg2 28. Qe3 Bc6 29. Bxf7+ 1-0

[Event "Bayern-chTT (LL Nord)"]
[Site "Bayern 2008/09"]
[Date "2008.11.30"]
[Round "3.8"]
[White "Werner, Holger(72)"]
[Black "Bildt, Thomas"]
[Result "1-0"]
[WhiteElo "1824"]
[BlackElo "2010"]
[PlyCount "53"]
[EventDate "2009.03.??"]
[EventType "team-tourn"]
[EventRounds "9"]
[WhiteTeam "Neutraubling 1"]
[BlackTeam "Zirndorf 1"]

1. e4 e5 2. Nf3 Nc6 3. Bb5 a6 4. Ba4 Nf6 5. O-O b5 6. Bb3 Be7 7. Re1 O-O 8. d4
Nxd4 9. Bxf7+ Rxf7 10. Nxe5 Nc6 11. Nxf7 Kxf7 12. e5 Ne8 13. Qd5+ Kf8 14. Re3
g5 15. Rf3+ Kg7 16. Bxg5 Bxg5 17. Qf7+ Kh6 18. Rh3+ Bh4 19. Qf4+ Kg7 20. Rxh4
Qe7 21. Nc3 Kg8 22. Re1 d6 23. Nd5 Qg7 24. exd6 Bd7 25. Ne7+ Nxe7 26. Rxe7 Qxb2
27. Qf7+ 1-0

[Event "Bayern-chTT (LL Nord)"]
[Site "Bayern 2008/09"]
[Date "2008.11.30"]
[Round "3.1"]
[White "Mathe, Gaspar"]
[Black "Sommer, Matthias(70)"]
[Result "1/2-1/2"]
[WhiteElo "2361"]
[BlackElo "2141"]
[PlyCount "64"]
[EventDate "2009.03.??"]
[EventType "team-tourn"]
[EventRounds "9"]
[WhiteTeam "Schwandorf 1"]
[BlackTeam "Nürnberg-NT 2"]

1. e4 c5 2. Nf3 d6 3. Bb5+ Bd7 4. Bxd7+ Qxd7 5. c4 Nc6 6. d4 cxd4 7. Nxd4 g6 8.
Nc3 Bg7 9. Be3 Nf6 10. f3 O-O 11. Qd2 a6 12. O-O Nxd4 13. Bxd4 b5 14. Nd5 Nxd5
15. Bxg7 Kxg7 16. Qxd5 Rac8 17. cxb5 Qxb5 18. Qxb5 axb5 19. Rac1 f5 20. exf5
gxf5 21. Kf2 Kf6 22. Ke3 e5 23. f4 Ke6 24. fxe5 dxe5 25. g3 Rxc1 26. Rxc1 Kd6
27. a3 h5 28. Rc2 h4 29. Rf2 hxg3 30. hxg3 Kd5 31. b3 Ra8 32. a4 bxa4 1/2-1/2

[Event "Bayern-chTT (LL Nord)"]
[Site "Bayern 2008/09"]
[Date "2008.11.30"]
[Round "3.2"]
[White "Demburg, Dimitrij"]
[Black "Barth, Norbert Dr"]
[Result "0-1"]
[WhiteElo "2065"]
[BlackElo "2208"]
[PlyCount "48"]
[EventDate "2009.03.??"]
[EventType "team-tourn"]
[EventRounds "9"]
[WhiteTeam "Nürnberg-NT 2"]
[BlackTeam "Schwandorf 1"]

1. Nf3 Nf6 2. d4 e6 3. c4 Bb4+ 4. Nc3 Ne4 5. Qc2 f5 6. Bd2 Bxc3 7. Bxc3 O-O 8.
e3 b6 9. b3 Nxc3 10. Qxc3 Bb7 11. Be2 d6 12. Rg1 Nd7 13. h3 Qe7 14. O-O-O Nf6
15. Bd3 Ne4 16. Qb2 Rae8 17. Bb1 a6 18. d5 exd5 19. Rxd5 Bxd5 20. cxd5 Qf6 21.
Nd4 Qe5 22. g4 f4 23. f3 Ng3 24. Ne6 Qxe3+ 0-1

[Event "Bayern-chTT (LL Nord)"]
[Site "Bayern 2008/09"]
[Date "2008.11.30"]
[Round "3.3"]
[White "Muehling, Werner"]
[Black "Willim, Michael"]
[Result "1/2-1/2"]
[WhiteElo "2131"]
[BlackElo "2051"]
[PlyCount "40"]
[EventDate "2009.03.??"]
[EventType "team-tourn"]
[EventRounds "9"]
[WhiteTeam "Schwandorf 1"]
[BlackTeam "Nürnberg-NT 2"]

1. d4 e6 2. Nf3 Nf6 3. e3 b6 4. Nbd2 c5 5. c3 Bb7 6. Bd3 cxd4 7. exd4 Be7 8.
Qe2 d6 9. O-O Nbd7 10. Re1 h6 11. Nf1 O-O 12. Ng3 Re8 13. Bd2 Bf8 14. Rad1 e5
15. dxe5 Bxf3 16. Qxf3 Nxe5 17. Qe2 Nc4 18. Be3 Nxe3 19. fxe3 g6 20. Qf3 Qe7
1/2-1/2

[Event "Bayern-chTT (LL Nord)"]
[Site "Bayern 2008/09"]
[Date "2008.11.30"]
[Round "3.4"]
[White "Reiser, Wolfgang"]
[Black "Jehl, Guenter"]
[Result "0-1"]
[WhiteElo "2079"]
[BlackElo "2076"]
[PlyCount "54"]
[EventDate "2009.03.??"]
[EventType "team-tourn"]
[EventRounds "9"]
[WhiteTeam "Nürnberg-NT 2"]
[BlackTeam "Schwandorf 1"]

1. c4 e6 2. g3 d5 3. Bg2 f5 4. Nf3 Nf6 5. O-O Bd6 6. b3 Qe7 7. Bb2 c6 8. Ne5
Nbd7 9. Nxd7 Bxd7 10. d3 f4 11. e4 fxe3 12. fxe3 O-O-O 13. Nd2 h5 14. Nf3 Ng4
15. Qe2 h4 16. h3 e5 17. cxd5 cxd5 18. hxg4 hxg3 19. Rfc1+ Kb8 20. e4 Bxg4 21.
Qe1 Bxf3 22. Qxg3 Bxg2 23. Kxg2 Rh5 24. Kf2 Rdh8 25. Rg1 dxe4 26. Qxg7 Rh2+ 27.
Rg2 Qxg7 0-1

[Event "Bayern-chTT (LL Nord)"]
[Site "Bayern 2008/09"]
[Date "2008.11.30"]
[Round "3.5"]
[White "Stoeckl, Stephan"]
[Black "Sargin, Anatol"]
[Result "0-1"]
[WhiteElo "1976"]
[BlackElo "2112"]
[PlyCount "72"]
[EventDate "2009.03.??"]
[EventType "team-tourn"]
[EventRounds "9"]
[WhiteTeam "Schwandorf 1"]
[BlackTeam "Nürnberg-NT 2"]

1. Nf3 d5 2. c4 c6 3. b3 Nf6 4. Bb2 Bf5 5. g3 Nbd7 6. Bg2 e6 7. O-O Be7 8. d3
O-O 9. Nbd2 c5 10. Re1 d4 11. Nh4 Qc7 12. Nxf5 exf5 13. b4 Rad8 14. bxc5 Nxc5
15. Nf3 Ne6 16. Bh3 Ng4 17. Rb1 Rfe8 18. Qa4 Nc5 19. Qc2 Bf6 20. Bc1 b6 21. Bf4
Qd7 22. Rb5 h6 23. Bg2 Re6 24. h3 Ne5 25. Nxe5 Bxe5 26. Bxe5 Rxe5 27. a4 Rde8
28. Bd5 h5 29. e3 dxe3 30. f4 R5e7 31. d4 Ne4 32. Rxe3 h4 33. g4 fxg4 34. Bxe4
Qxd4 35. Bh7+ Kf8 36. Rbe5 Rxe5 0-1

[Event "Bayern-chTT (LL Nord)"]
[Site "Bayern 2008/09"]
[Date "2008.11.30"]
[Round "3.6"]
[White "Just, Hannes"]
[Black "Lautner, Juergen"]
[Result "1-0"]
[WhiteElo "2095"]
[BlackElo "1942"]
[PlyCount "81"]
[EventDate "2009.03.??"]
[EventType "team-tourn"]
[EventRounds "9"]
[WhiteTeam "Nürnberg-NT 2"]
[BlackTeam "Schwandorf 1"]

1. Nf3 d6 2. d4 Nf6 3. g3 g6 4. Bg2 Bg7 5. O-O O-O 6. a4 Nbd7 7. a5 a6 8. Nc3
c5 9. e4 cxd4 10. Nxd4 Nc5 11. h3 Bd7 12. Re1 b5 13. b4 Ne6 14. e5 dxe5 15.
Nxe6 Bxe6 16. Qxd8 Raxd8 17. Rb1 Ne8 18. Be3 Nd6 19. Bb6 Rc8 20. Bc5 Rfd8 21.
Nd5 Bxd5 22. Bxd5 e6 23. Bg2 e4 24. Rbd1 Nb7 25. Rxd8+ Rxd8 26. Bb6 Rd7 27.
Bxe4 Bc3 28. Rb1 f5 29. Bc6 Re7 30. Rb3 Bf6 31. Rd3 Kf7 32. Kf1 e5 33. c4 e4
34. Rb3 Nd6 35. cxb5 Nxb5 36. Bc5 Rc7 37. Bxb5 axb5 38. a6 Rc8 39. Ra3 Be5 40.
a7 Ra8 41. Ra5 1-0

[Event "Bayern-chTT (LL Nord)"]
[Site "Bayern 2008/09"]
[Date "2008.11.30"]
[Round "3.7"]
[White "Paar, Johannes"]
[Black "Vogiatzis, Dimitrios"]
[Result "1/2-1/2"]
[WhiteElo "1866"]
[BlackElo "1972"]
[PlyCount "49"]
[EventDate "2009.03.??"]
[EventType "team-tourn"]
[EventRounds "9"]
[WhiteTeam "Schwandorf 1"]
[BlackTeam "Nürnberg-NT 2"]

1. e4 e5 2. Nf3 d5 3. Nxe5 Bd6 4. d4 dxe4 5. Nc4 Nf6 6. Nxd6+ Qxd6 7. Be2 Nc6
8. c3 O-O 9. Na3 a6 10. Nc4 Qe6 11. O-O Nd5 12. Ne3 Nce7 13. Nxd5 Nxd5 14. c4
Nf6 15. Bf4 c6 16. Qc2 Bd7 17. Rfe1 Rfe8 18. f3 Qf5 19. Be5 exf3 20. Qxf5 Bxf5
21. Bxf3 Nd7 22. Bf4 Nf6 23. Be5 Nd7 24. Bg3 Nf6 25. Be5 1/2-1/2

[Event "Bayern-chTT (LL Nord)"]
[Site "Bayern 2008/09"]
[Date "2008.11.30"]
[Round "3.8"]
[White "Sporrer, Bernhard"]
[Black "Dotzauer, Ernst"]
[Result "1-0"]
[WhiteElo "2054"]
[BlackElo "1770"]
[PlyCount "93"]
[EventDate "2009.03.??"]
[EventType "team-tourn"]
[EventRounds "9"]
[WhiteTeam "Nürnberg-NT 2"]
[BlackTeam "Schwandorf 1"]

1. e4 c6 2. d4 d5 3. exd5 cxd5 4. c4 Nf6 5. Nc3 e6 6. Nf3 Bb4 7. cxd5 Nxd5 8.
Qc2 Nc6 9. a3 Qa5 10. Bd2 Bd7 11. Bd3 Bxc3 12. bxc3 Qc7 13. Bxh7 Nf4 14. Bxf4
Qxf4 15. Bd3 Rc8 16. Qd2 Qg4 17. O-O Na5 18. Ne5 Qh4 19. h3 Nb3 20. Qb2 Nxa1
21. Qxb7 O-O 22. Qxd7 Nb3 23. Nc6 Kh8 24. Rb1 Nd2 25. Rb7 Ne4 26. g3 Nxg3 27.
Ne5 Nh5 28. Nxf7+ Kg8 29. Qxe6 Qf6 30. Qe4 g6 31. Nh6+ Kh8 32. Ng4 Qf4 33. Qxg6
Qxf2+ 34. Nxf2 Rg8 35. Qxg8+ Rxg8+ 36. Ng4 Nf6 37. Bf5 Rg5 38. Be6 Nxg4 39.
hxg4 Ra5 40. d5 Rxa3 41. d6 Ra1+ 42. Kf2 Rf1+ 43. Kg3 Rg1+ 44. Kf4 Rf1+ 45. Kg5
Rf8 46. Bf5 Rg8+ 47. Bg6 1-0

[Event "Bayern-chTT (LL Nord)"]
[Site "Bayern 2008/09"]
[Date "2008.11.30"]
[Round "3.1"]
[White "Golda, Harald"]
[Black "Vagner, Tomas"]
[Result "1-0"]
[WhiteElo "2298"]
[BlackElo "2216"]
[PlyCount "93"]
[EventDate "2009.03.??"]
[EventType "team-tourn"]
[EventRounds "9"]
[WhiteTeam "Schweinfurt 1"]
[BlackTeam "Erlangen-SC 1"]

1. Nf3 c5 2. c4 Nc6 3. Nc3 g6 4. g3 Bg7 5. Bg2 d6 6. O-O Bg4 7. h3 Bd7 8. d3
Qc8 9. Kh2 Nf6 10. Bd2 h5 11. Rb1 Nd4 12. Nxd4 cxd4 13. Nd5 Nxd5 14. cxd5 h4
15. g4 f5 16. Rc1 Qd8 17. g5 Qb6 18. Qb3 Qxb3 19. axb3 Rc8 20. Rxc8+ Bxc8 21.
f4 b6 22. Ra1 a6 23. Rc1 Kf7 24. Rc7 Rd8 25. Be1 Bd7 26. Bxh4 Be8 27. Bf3 a5
28. Be1 Ra8 29. b4 Kf8 30. Kg3 a4 31. h4 a3 32. bxa3 Rxa3 33. Rc8 Ra2 34. Kf2
Ra7 35. h5 b5 36. hxg6 e5 37. dxe6 Ke7 38. Rb8 Rc7 39. Bd5 Bf8 40. Kg3 Bg7 41.
Bf2 Bh8 42. Kh4 Bg7 43. Kh5 Kf8 44. Rb7 Rxb7 45. Bxb7 Ke7 46. Bd5 Kf8 47. Be1
1-0

[Event "Bayern-chTT (LL Nord)"]
[Site "Bayern 2008/09"]
[Date "2008.11.30"]
[Round "3.2"]
[White "Horak, Michal"]
[Black "Haag, Wolfgang"]
[Result "1-0"]
[WhiteElo "2286"]
[BlackElo "2160"]
[PlyCount "79"]
[EventDate "2009.03.??"]
[EventType "team-tourn"]
[EventRounds "9"]
[WhiteTeam "Erlangen-SC 1"]
[BlackTeam "Schweinfurt 1"]

1. Nf3 Nf6 2. g3 g6 3. Bg2 Bg7 4. O-O O-O 5. c4 d6 6. Nc3 e5 7. d3 Nc6 8. Rb1
a5 9. a3 Bd7 10. b4 axb4 11. axb4 Qc8 12. Bg5 Re8 13. b5 Nd4 14. Nd2 Bh3 15.
Bxh3 Qxh3 16. Bxf6 Bxf6 17. e3 Ne6 18. Qf3 Qf5 19. Qxb7 Qxd3 20. Nde4 Bg7 21.
Qd5 Qxd5 22. cxd5 Nf8 23. b6 f5 24. b7 Rab8 25. Nd2 Nd7 26. Na4 e4 27. Rfc1 Nf6
28. Rxc7 Nxd5 29. Rc6 Bf8 30. Nc4 Red8 31. Na5 Ne7 32. Rc7 Nd5 33. Nc6 Nxc7 34.
Nxd8 Rxd8 35. b8=Q Rxb8 36. Rxb8 Ne6 37. Nb6 Nc5 38. Rd8 Kf7 39. Nc8 Be7 40.
Rh8 1-0

[Event "Bayern-chTT (LL Nord)"]
[Site "Bayern 2008/09"]
[Date "2008.11.30"]
[Round "3.3"]
[White "Huemmer, Bernd"]
[Black "Promyshlyanskiy, Vitaliy"]
[Result "0-1"]
[WhiteElo "2145"]
[BlackElo "2201"]
[PlyCount "94"]
[EventDate "2009.03.??"]
[EventType "team-tourn"]
[EventRounds "9"]
[WhiteTeam "Schweinfurt 1"]
[BlackTeam "Erlangen-SC 1"]

1. d4 Nf6 2. Bg5 g6 3. Nf3 Bg7 4. Nbd2 O-O 5. c3 d6 6. e4 c5 7. dxc5 dxc5 8.
Qc2 Nc6 9. Be2 Qc7 10. O-O Rd8 11. Rfe1 h6 12. Bh4 Nh5 13. Bc4 a6 14. a4 Na5
15. Rad1 g5 16. Bg3 Nxg3 17. hxg3 g4 18. Nh4 Rxd2 19. Qxd2 Nxc4 20. Qd8+ Qxd8
21. Rxd8+ Kh7 22. Nf5 b6 23. Nxe7 Bb7 24. Rd7 Rb8 25. Nf5 Ne5 26. Rd6 Bc6 27.
Nxg7 Kxg7 28. b3 Rb7 29. Re3 c4 30. b4 Bxa4 31. f4 Nd3 32. e5 Bd7 33. Re4 Be6
34. Red4 a5 35. b5 a4 36. f5 a3 37. Rxg4+ Kh7 38. Rd8 a2 39. Ra8 Bxf5 40. Rxc4
Be6 41. Rd4 Nxe5 42. Re4 Nc4 43. Ra4 Rd7 44. Re1 Rd2 45. Kh2 Rb2 46. Re4 Nd2
47. Reb4 Nf3+ 0-1

[Event "Bayern-chTT (LL Nord)"]
[Site "Bayern 2008/09"]
[Date "2008.11.30"]
[Round "3.4"]
[White "Liepold, Stefan"]
[Black "Dey, Jan-Marten"]
[Result "1/2-1/2"]
[WhiteElo "2235"]
[BlackElo "2213"]
[PlyCount "84"]
[EventDate "2009.03.??"]
[EventType "team-tourn"]
[EventRounds "9"]
[WhiteTeam "Erlangen-SC 1"]
[BlackTeam "Schweinfurt 1"]

1. e4 c6 2. d4 d5 3. exd5 cxd5 4. c4 Nf6 5. Nc3 e6 6. Nf3 Bb4 7. cxd5 Nxd5 8.
Bd2 Nc6 9. Bd3 Be7 10. a3 Nxc3 11. bxc3 Bf6 12. O-O O-O 13. Re1 b6 14. h4 Bb7
15. Ng5 g6 16. Qg4 h5 17. Qg3 Ne7 18. Ne4 Bxe4 19. Bxe4 Rc8 20. Bg5 Bxg5 21.
hxg5 Qc7 22. Re3 Qxg3 23. Rxg3 Rc7 24. Kf1 Rfc8 25. Rc1 Nc6 26. Bxc6 Rxc6 27.
Ke2 Rc4 28. Kd2 Ra4 29. Ra1 Kf8 30. Rd3 Rd8 31. Kc2 Rd5 32. f4 Rf5 33. g3 h4
34. gxh4 Rxf4 35. Kb3 Ra5 36. Rh1 Rd5 37. Rhh3 Ke7 38. a4 a6 39. Rdf3 Rdf5 40.
Rxf4 Rxf4 41. h5 gxh5 42. Rxh5 Rf5 1/2-1/2

[Event "Bayern-chTT (LL Nord)"]
[Site "Bayern 2008/09"]
[Date "2008.11.30"]
[Round "3.5"]
[White "Seidens, Udo"]
[Black "Walter, Thomas(78)"]
[Result "1-0"]
[WhiteElo "2127"]
[BlackElo "2069"]
[PlyCount "121"]
[EventDate "2009.03.??"]
[EventType "team-tourn"]
[EventRounds "9"]
[WhiteTeam "Schweinfurt 1"]
[BlackTeam "Erlangen-SC 1"]

1. Nf3 Nf6 2. g3 c5 3. c4 Nc6 4. Bg2 e6 5. O-O Be7 6. Nc3 O-O 7. e4 Qc7 8. d3
d6 9. a3 Nd7 10. Bg5 Nde5 11. Bxe7 Nxf3+ 12. Qxf3 Nd4 13. Qh5 Qxe7 14. f4 f6
15. b4 Nc2 16. Ra2 Ne3 17. Rb1 Nxg2 18. Rxg2 b6 19. Re2 Bb7 20. f5 Qf7 21.
Qxf7+ Kxf7 22. Nb5 Rad8 23. Nxa7 exf5 24. exf5 Rd7 25. Nb5 Bf3 26. Rf2 Bc6 27.
Nc3 Ra8 28. bxc5 Rxa3 29. Rxb6 Ba8 30. c6 Re7 31. Rc2 Ra1+ 32. Kf2 Rc7 33. Nb5
Rxc6 34. Nxd6+ Ke7 35. Rxc6 Bxc6 36. c5 Rh1 37. Ke3 g6 38. Kd4 Rf1 39. Re2+ Kd7
40. fxg6 hxg6 41. Nc4 Rf5 42. Nb6+ Kd8 43. Kc4 Rf1 44. Nd5 Rf3 45. Nb4 Be8 46.
d4 Ba4 47. d5 Rf1 48. Nd3 Rf3 49. Rf2 Re3 50. Kd4 Re7 51. Rxf6 Rh7 52. h4 Be8
53. Ne5 g5 54. Ra6 Rb7 55. Ra8+ Ke7 56. d6+ Kf6 57. hxg5+ Kg7 58. Rxe8 Rb4+ 59.
Kd5 Ra4 60. d7 Ra1 61. Re7+ 1-0

[Event "Bayern-chTT (LL Nord)"]
[Site "Bayern 2008/09"]
[Date "2008.11.30"]
[Round "3.6"]
[White "Martin Fernandez, Rodrigo"]
[Black "Rink, Christian"]
[Result "0-1"]
[WhiteElo "2085"]
[BlackElo "2063"]
[PlyCount "104"]
[EventDate "2009.03.??"]
[EventType "team-tourn"]
[EventRounds "9"]
[WhiteTeam "Erlangen-SC 1"]
[BlackTeam "Schweinfurt 1"]

1. d4 Nf6 2. c4 g6 3. Nc3 Bg7 4. e4 d6 5. f4 O-O 6. Nf3 c5 7. d5 e6 8. Be2 exd5
9. exd5 Na6 10. O-O Nc7 11. Bd3 h6 12. Rb1 Rb8 13. a3 Bd7 14. b4 cxb4 15. axb4
b5 16. Bd2 Re8 17. Re1 bxc4 18. Bxc4 Nb5 19. Rxe8+ Nxe8 20. Nxb5 Bxb5 21. Qe2
Bxc4 22. Qxc4 Qc7 23. Qd3 Qb7 24. Rd1 Nc7 25. Be1 Qb5 26. Qd2 Re8 27. Bf2 a6
28. f5 g5 29. Bg3 g4 30. Nh4 Re2 31. Qd3 Qxd3 32. Rxd3 Be5 33. Bf2 Re4 34. Bb6
Nb5 35. f6 Rxb4 36. Nf5 Kh7 37. Be3 h5 38. Kf2 a5 39. h3 gxh3 40. gxh3 Kg6 41.
Ne7+ Kxf6 42. Nc6 Rb2+ 43. Kf3 a4 44. h4 a3 45. Bg5+ Kg7 46. Nxe5 a2 47. Nc4
a1=Q 48. Nxb2 Qxb2 49. Rd2 Qc3+ 50. Ke4 Qe5+ 51. Kf3 Nd4+ 52. Kf2 Qxd5 0-1

[Event "Bayern-chTT (LL Nord)"]
[Site "Bayern 2008/09"]
[Date "2008.11.30"]
[Round "3.7"]
[White "Ehrler, Eberhard"]
[Black "Goetz, Andreas(66)"]
[Result "1/2-1/2"]
[WhiteElo "2077"]
[BlackElo "2066"]
[PlyCount "101"]
[EventDate "2009.03.??"]
[EventType "team-tourn"]
[EventRounds "9"]
[WhiteTeam "Schweinfurt 1"]
[BlackTeam "Erlangen-SC 1"]

1. e4 e5 2. Nf3 Nc6 3. d4 exd4 4. Nxd4 Bc5 5. Nb3 Be7 6. Nc3 Nf6 7. g3 d6 8. h3
Bd7 9. Bg2 h6 10. Be3 Ne5 11. Qe2 Be6 12. Nd4 Bc4 13. Qd2 Be6 14. b3 c5 15. Nf5
Bxf5 16. exf5 Nc6 17. O-O O-O 18. Rad1 Qa5 19. g4 Bd8 20. Bf4 Nd4 21. Rfe1 Bc7
22. Nd5 Nxd5 23. Bxd5 Qxd2 24. Bxd2 Rae8 25. c3 Nc6 26. f6 Bd8 27. fxg7 Kxg7
28. Bf4 Rxe1+ 29. Rxe1 Ne5 30. Bxe5+ dxe5 31. Bxb7 Bf6 32. Rd1 Rd8 33. Rxd8
Bxd8 34. Kg2 Ba5 35. c4 Kg6 36. Kf3 Kf6 37. Ke4 Bc3 38. Kd5 Bb4 39. h4 a5 40.
f3 Ba3 41. Bc8 Bb4 42. Bf5 Ba3 43. Be4 Bb4 44. Kc6 Ke7 45. g5 hxg5 46. hxg5 Ke6
47. Kb5 Ke7 48. Ka4 Bd2 49. a3 Bc1 50. Bd5 Bb2 51. Be4 1/2-1/2

[Event "Bayern-chTT (LL Nord)"]
[Site "Bayern 2008/09"]
[Date "2008.11.30"]
[Round "3.8"]
[White "Petzold, Vinzenz"]
[Black "Zschunke, Werner"]
[Result "1-0"]
[WhiteElo "2016"]
[BlackElo "1946"]
[PlyCount "65"]
[EventDate "2009.03.??"]
[EventType "team-tourn"]
[EventRounds "9"]
[WhiteTeam "Erlangen-SC 1"]
[BlackTeam "Schweinfurt 1"]

1. d4 Nf6 2. c4 d6 3. Nc3 g6 4. e4 Bg7 5. f4 O-O 6. Nf3 c5 7. d5 Nfd7 8. Bd3 a6
9. a4 e5 10. O-O f5 11. Ng5 Qe7 12. Ne6 Rf7 13. Nxg7 Kxg7 14. Qe1 exf4 15. Bxf4
Ne5 16. Qg3 Nbd7 17. exf5 Nxd3 18. Qxd3 Rxf5 19. Ne4 Ne5 20. Qc3 Kg8 21. Ng3
Rf8 22. Bxe5 Qxe5 23. Qxe5 dxe5 24. Rxf8+ Kxf8 25. Re1 Bd7 26. a5 Re8 27. Ne4
Rc8 28. Nd6 Rc7 29. Rxe5 Ba4 30. Re3 Re7 31. Rxe7 Kxe7 32. Nxb7 Bb3 33. d6+ 1-0